000 00464nam a22001457a 4500
999 _c517831
_d517831
008 210730b ||||| |||| 00| 0 eng d
100 _aPatel, N., Gupta, S. and Nagaich, R.
_928145
245 _aAccelerating investment, job creation and income growth
260 _aKurukshetra
300 _a69(5), Mar, 2021: p.5-9
650 _aInvestment, Job growth, Employment
_928146
773 _aKurukshetra
906 _aECONOMIC DEVELOPMENT - INDIA
942 _cAR